UITU Library & LRC     

Jones' Instrument Technology: electrical and radiation measurements (Record no. 7568)

MARC details
000 -LEADER
fixed length control field 00509nam a2200181Ia 4500
008 - FIXED-LENGTH DATA ELEMENTS--GENERAL INFORMATION
fixed length control field 240925s9999 xx 000 0 und d
020 ## - INTERNATIONAL STANDARD BOOK NUMBER
International Standard Book Number 408007583
082 ## - DEWEY DECIMAL CLASSIFICATION NUMBER
Classification number 621.38154 NOL
100 ## - MAIN ENTRY--PERSONAL NAME
Personal name Not - Available
245 #0 - TITLE STATEMENT
Title Jones' Instrument Technology: electrical and radiation measurements
250 ## - EDITION STATEMENT
Edition statement 4th
260 ## - PUBLICATION, DISTRIBUTION, ETC.
Place of publication, distribution, etc. Oxford:
Name of publisher, distributor, etc. Butter worth -Heineman
Date of publication, distribution, etc. ,2003.
300 ## - PHYSICAL DESCRIPTION
Extent xix,304p.
Other physical details 3
Type of unit Original
500 ## - GENERAL NOTE
General note Includes Index
600 ## - SUBJECT ADDED ENTRY--PERSONAL NAME
Personal name Electrical Engineering
650 ## - SUBJECT ADDED ENTRY--TOPICAL TERM
Topical term or geographic name entry element Technology
942 ## - ADDED ENTRY ELEMENTS (KOHA)
Koha item type Books
Holdings
Withdrawn status Lost status Damaged status Not for loan Collection Home library Current library Date acquired Source of acquisition Total checkouts Full call number Barcode Date last seen Price effective from Koha item type
        Electrical Engineering UITU Library UITU Library 05/20/2003 Royal Book Company   621.38154 NOL Q5069 09/25/2024 09/25/2024 Books

Powered by Koha